MARC details
| 000 -LEADER |
| fixed length control field |
01250nam a2200325 a 4500 |
| 001 - CONTROL NUMBER |
| control field |
4504427 |
| 003 - CONTROL NUMBER IDENTIFIER |
| control field |
OSt |
| 005 - DATE AND TIME OF LATEST TRANSACTION |
| control field |
20230602094226.0 |
| 008 - FIXED-LENGTH DATA ELEMENTS--GENERAL INFORMATION |
| fixed length control field |
980430s1997 ke ab b 001 0beng |
| 010 ## - LIBRARY OF CONGRESS CONTROL NUMBER |
| LC control number |
97950453 |
| 020 ## - INTERNATIONAL STANDARD BOOK NUMBER |
| International Standard Book Number |
996696150X |
| 040 ## - CATALOGING SOURCE |
| Original cataloging agency |
DLC |
| Transcribing agency |
DLC |
| 042 ## - AUTHENTICATION CODE |
| Authentication code |
lcode |
| 043 ## - GEOGRAPHIC AREA CODE |
| Geographic area code |
f-ke--- |
| 082 00 - DEWEY DECIMAL CLASSIFICATION NUMBER |
| Classification number |
967.62/03/092 |
| -- |
B |
| Edition number |
21 |
| Item number |
PAT |
| 100 1# - MAIN ENTRY--PERSONAL NAME |
| Personal name |
Patel, Zarina, |
| Dates associated with a name |
1935- |
| 245 10 - TITLE STATEMENT |
| Title |
Challenge to colonialism : |
| Remainder of title |
the struggle of Alibhai Mulla Jeevanjee for equal rights in Kenya / |
| Statement of responsibility, etc. |
Zarina Patel ; foreword by Kivutha Kibwana. |
| 260 ## - PUBLICATION, DISTRIBUTION, ETC. (IMPRINT) |
| Place of publication, distribution, etc. |
[Nairobi : |
| Name of publisher, distributor, etc. |
s.n.] ; |
| Place of publication, distribution, etc. |
Nairobi : |
| Name of publisher, distributor, etc. |
Publishers Distribution Services [distributor], |
| Date of publication, distribution, etc. |
1997. |
| 300 ## - PHYSICAL DESCRIPTION |
| Extent |
xxii, 283 p. : |
| Other physical details |
ill., maps ; |
| Dimensions |
25 cm. |
| 504 ## - BIBLIOGRAPHY, ETC. NOTE |
| Bibliography, etc |
Includes bibliographical references (p. 242-246) and index. |
| 590 ## - LOCAL NOTE (RLIN) |
| Local note |
LC copy signed by author. |
| 600 10 - SUBJECT ADDED ENTRY--PERSONAL NAME |
| Personal name |
Jeevanjee, Alibhai Mulla, |
| Dates associated with a name |
1856-1936. |
| 650 #0 - SUBJECT ADDED ENTRY--TOPICAL TERM |
| Topical term or geographic name as entry element |
Politicians |
| Geographic subdivision |
Kenya |
| General subdivision |
Biography. |
| 650 #0 - SUBJECT ADDED ENTRY--TOPICAL TERM |
| Topical term or geographic name as entry element |
Businesspeople |
| Geographic subdivision |
Kenya |
| General subdivision |
Biography. |
| 650 #0 - SUBJECT ADDED ENTRY--TOPICAL TERM |
| Topical term or geographic name as entry element |
East Indians |
| Geographic subdivision |
Kenya |
| General subdivision |
Politics and government. |
| 651 #0 - SUBJECT ADDED ENTRY--GEOGRAPHIC NAME |
| Geographic name |
Kenya |
| General subdivision |
Ethnic relations |
| -- |
Political aspects. |
| 906 ## - LOCAL DATA ELEMENT F, LDF (RLIN) |
| a |
7 |
| b |
cbc |
| c |
origode |
| d |
3 |
| e |
ncip |
| f |
19 |
| g |
y-gencatlg |
| 942 ## - ADDED ENTRY ELEMENTS (KOHA) |
| Source of classification or shelving scheme |
Dewey Decimal Classification |
| Koha item type |
Books |